| 000 | 00610nam a2200217 a 4500 | ||
|---|---|---|---|
| 001 | 49720 | ||
| 003 | BD-RjUL | ||
| 005 | 20211209054723.0 | ||
| 008 | 160822s1966 -ge||||| |||| 00| 0 eng d | ||
| 035 | _a(BD-RjUL)49840 | ||
| 040 |
_aBD-RjUL _beng _cBD-RjUL _dBD-RjUL |
||
| 041 | _aeng | ||
| 082 |
_223 _a371.32 _bLOP 1966 |
||
| 100 |
_aLoffler, Hans _9149063 |
||
| 245 | 1 | 0 |
_aPattern drill book / _cHans Loffler and Georg Trubner |
| 260 |
_bVeb Verlag enzyklopadie leipzig, _c1966 |
||
| 300 |
_a192 p. ; _c25 cm. |
||
| 650 |
_aUse of Textbooks _9149064 |
||
| 700 |
_aTrubner, Georg _9149065 |
||
| 942 |
_2ddc _cBK |
||
| 999 |
_c49720 _d49720 |
||